00489 2200193 4500001002100000005001500021035002000036245006300056100001700119250000600136300003100142700001000173260003100183082000800214084001400222020002200236650002000258990001700278INLIS00000000000045020181031105505 a0010-10180001401 aSerial Toti :bAkibat Jahil /cBijak Studio; Editor, Eko M0 aBijak Studio a- a24 hlm. :bilus. ;c25 cm.0 aEko M aBogor :bYudhistira,c2007 a813 a813 BIJ s a978-979-746-322-9 aFiksi Indonesia a01576/P/2018